=LDR 00000nam 2200000 4500 =001 NUTBA000000000001131 =005 20140414121031.0 =006 =007 =008 =020 ##$$a 978-602-9110-34-0 =035 ##$$a 0010-041400000000401 =082 ##$$a 370.114 =100 ##$$a hidayat,heri =245 ##$$a pendidikan budaya karakter bangsa =250 ##$$a Cet. I =260 ##$$a jakarta $b perpustakaan nasional $c 2012 =300 ##$$a vi, 66 hlm $b ilus $c 21 cm =990 ##$$a 93715/BPAP-NTB/2014 =990 ##$$a 21194823/BPAP-NTB/2014 =990 ##$$a 21196379/BPAP-NTB/2014 =990 ##$$a 21196907/BPAP-NTB/2014 =990 ##$$a 21400299/BPAP-NTB/2014